LEADER 01129nas a2200277 i 4500 001 000000141691 003 CaOOAMICUS 005 20060222000000.0 008 050727b2005 gw uu u0 0ger r 013 $a116419 040 $aSeMil$bita 245 10$a2005 /$cherausgegeben von den Professoren der Theologischen Fakultät Paderborn. 260 $aPaderborn :$bFerdinand Schöningh,$c2005. 300 $a[6], 514 p. :$bill. ;$c24 cm. 500 $aArticoli con sintesi in tedesco [Kurzinhalt] e in inglese [Summary] in testa. 710 2 $aUniversität Paderborn : Theologische Fakultät .$0(OLS)http://semarc/name/2377 774 0 $t[SENZA TITOLO].$w()262252 774 0 $t[SENZA TITOLO].$w()262253 774 0 $t[SENZA TITOLO].$w()263546 774 0 $t[SENZA TITOLO].$w()263547 774 0 $t95. Jahrgang, 2005.$w()263548 850 $aSeMil 852 $aSeMil$W1$xVenegono$y1$m84 4 12$j94910$B94910$CSeMilBibl$Z2$F109186 $85 961 $aCambio: Scuola Cattolica 996 $6245$a2005$9(OLS)http://semarc/title/161053 996 $6260$aPaderborn :$bFerdinand Schöningh$9(OLS)http://semarc/publisher/31027 LEADER 01410nam a2200265 i 4500 001 000000164447 003 CaOOAMICUS 005 20070914000000.0 008 070914s2006 it u000 u ita u 013 $a141815 020 $a88-8025-574-6 040 $aSeMil$bita 110 0 $aConsulta regionale lombarda per la pastorale della famiglia.$0(OLS)http://semarc/name/59412 245 10$a«Fate quello che vi dirà» (Gv 2,5) :$bsussidio per la pastorale con i giovani sposi : come Gesù alle nozze di Cana, vi accompagniamo oggi, giovani sposi, dentro l'esperienza della Chiesa /$cConsulta regionale lombarda per la pastorale della famiglia. 260 $aMilano :$bCentro Ambrosiano,$c2006. 300 $a70 p. ;$c21 cm. 500 $aDono del Card. Dionigi Tettamanzi. 650 4$aMatrimonio - Pastorale.$0(OLS)http://semarc/subject/4924 850 $aSeMil 852 $aSeMil$W1$xVenegono$y1$m2E II 432$j115707$B115707$CSeMilBibl$Z2$F126893 $81 941 1 $a5 961 $aOmaggio: Tettamanzi Card. Dionigi 996 $6020$a88-8025-574-6$9(OLS)http://semarc/number/150699 996 $6245$a«Fate quello che vi dirà» (Gv 2,5) :$bsussidio per la pastorale con i giovani sposi : come Gesù alle nozze di Cana, vi accompagniamo oggi, giovani sposi, dentro l'esperienza della Chiesa$9(OLS)http://semarc/title/234611 996 $6260$aMilano :$bCentro Ambrosiano$9(OLS)http://semarc/publisher/29766